000
00284nam a22001217a 4500
008
180517b xxu||||| |||| 00| 0 eng d
041
_a
eng
080
_a
043.3
100
_a
0
101
_a
MBE-BA
245
_a
Privatizimi, te metat dhe perparsite e tij
_c
Shala, A
942
_2
udc
_c
BK
999
_c
45888
_d
45888